000 00703nam a2200205Ii 4500
003 JO-AjNU
008 230605s9999||||xx |||||||||||||| ||und||
040 _aJO-AjNU
_bara
_erda
_cJO-AjNU
041 _aara
050 1 4 _aKRM690.S2664
100 3 _aالسنهوري، عبد الرزاق أحمد,
_eauthor
_946526
245 0 0 _aشرح القانون المدني في العقود: عقد الايجار
250 _a(د،ط)
264 3 1 _aبيروت : المجمع العلمي العربي الاسلامي ، 1990
300 _a701ص
336 _atext
_btxt
_2rdacontent
337 _aunmediated
_bn
_2rdamedia
338 _avolume
_bnc
_2rdacarrier
650 4 _aعقد الايجار
_946527
999 _aA20248
_c23816
_d23816